| 000 | 00732nam a2200217 i 4500 | ||
|---|---|---|---|
| 001 | C00047936c | ||
| 005 | 20241029145822.0 | ||
| 008 | 030604 2001 sp a m 1 spa d | ||
| 020 | _a84-7820-551-9 | ||
| 080 | _a7(460.224 Calatayud)"15" | ||
| 100 | 1 |
_aAcerete Tejero, José Miguel. _932082 |
|
| 245 | 1 | 0 |
_aEstudio documental de las artes en la comunidad de Calatayud en el siglo XVI / _cJosé Miguel Acerete Tejero. |
| 260 |
_aCalatayud : _bCentro de Estudios Bilbilitanos, _cDL 2001. |
||
| 300 |
_a803 p. : _bil. ; _c24 cm. |
||
| 500 | _aÍndices. | ||
| 500 | _aResumen de la tesis univ. Zaragoza. | ||
| 650 | 4 |
_aArte- _zEspaña- _zCalatayud- _yS. XVI. _994690 |
|
| 852 | 4 | _jH-2518 | |
| 999 |
_c46643 _d46643 |
||